000 00491nam a2200205Ia 4500
003 OSt
005 20250729145550.0
008 210210b1991 xxu||||| |||| 00| 0 eng d
020 _a0852268785
040 _cAL
082 _a576 TAUI
100 _aTauro P
_9220644
245 _aIntroduction to microbiology
260 _aPune
_bWieley Eastern Ltd
_c1991
300 _ax,412p
650 _aMicrobiology
_9220645
690 _aMicrobiology
_9220645
906 _a045893
942 _2ddc
_cBK
999 _c95544
_d95544